000 01386cam a22003977a 4500
003 CHAP
005 20220329142436.0
008 010214s2000 mx a r 00010 spa d
010 _a83516
011 _a84488
020 _a96865320604
035 _a95008
040 _cCHAP
082 0 4 _a581.0724
_bE3
100 0 0 _aEastmond, Amarella.
_935005
245 1 3 _aLa biotecnología aplicada al henequén :
_balternativas para el futuro
_c/por Amarella Eastmond, José Luis Herrera y Manuel L. Robert
260 _aMérida, Yucatán :
_bCentro de Investigaciones de Yucatán,
_c2000.
300 _a106 p. :
_bilus.
590 _aBATCH-UPD
_b10
_c20130110
_lUCH01
_h0555
590 _aBATCH-UPD
_b10
_c20130110
_lUCH01
_h2307
590 _aBATCH-UPD
_b10
_c20130410
_lUCH01
_h0236
590 _aBATCH-UPD
_b10
_c20130914
_lUCH01
_h0646
590 _aCONVERSION
_b10
_c20130109
_lUCH01
_h1346
650 1 4 _aBiotecnología vegetal.
_912892
650 1 4 _aHenequén
_xIndustria.
_953579
650 1 4 _aHenequén
_xMejoramiento.
_953580
650 1 4 _aHenequén
_xMercadeo.
_953581
650 1 4 _aHenequén
_xRendimiento.
_953587
650 1 4 _aHenequén
_xYucatán.
_953592
700 0 _aHerrera, José Luis.
_954970
700 0 _aRobert, Manuel L.
_997901
901 _aBK
905 _aLilia Sánchez G.
942 _cLIBRO
949 _a581.0724 E3
_bBC
_cLIBRO
_d33724000815668
_eLIBRO
_h99727
_i95008
_si
999 _c83516
_d83516